000 01480nam a22003977a 4500
003 CHAP
005 20220329143511.0
008 100225s2006 mx a r 00010 spa d
010 _a97623
011 _a98595
020 _a9709872079
035 _a109280
040 _cCHAP
082 1 4 _a636.41
_bAl79
245 0 0 _aAlternativas tecnológicas para la producción porcina en la región costera de Guerrero
_c/por Omar Ramírez Reynoso y Antonio Cervantes Núñez
260 _aChilpancingo, Méx. :
_bFundación Produce de Guerrero,
_c2006
300 _a61 p. :
_bilus.
590 _aBATCH-UPD
_b10
_c20130110
_lUCH01
_h1229
590 _aBATCH-UPD
_b10
_c20130410
_lUCH01
_h0800
590 _aBATCH-UPD
_b10
_c20130914
_lUCH01
_h0916
590 _aCONVERSION
_b10
_c20130109
_lUCH01
_h1354
650 1 4 _aEstiércol de cerdo.
_938323
650 1 4 _aGanado porcino
_xCastración.
_945342
650 1 4 _aGanado porcino
_xEnfermedades.
_945360
650 1 4 _aGanado porcino
_xGuerrero.
_945372
650 1 4 _aGanado porcino
_xInseminación artificial.
_945376
650 1 4 _aGanado porcino
_xPlagas.
_945397
650 1 4 _aGanado porcino
_xProducción.
_945399
650 1 4 _aGanado porcino
_xSubproductos.
_945409
700 0 _aCervantes Núñez, Antonio.
_921596
700 1 _aRamírez Reynoso,Omar.
_994215
710 0 _aUniversidad Autónoma de Guerrero.
_9116322
901 _aBK
942 _cLIBRO
949 _a636.41 Al79
_bBC
_cLIBRO
_d33724002113009
_eLIBRO
_gI.c/e
_h111987
_i109280
_sb
999 _c97623
_d97623